书目信息 |
| 题名: |
排列与组合
|
|
| 作者: | 吴世煦 著 | |
| 分册: | ||
| 出版信息: | 南京 江苏人民出版社 1979 |
|
| 页数: | 190页 | |
| 开本: | 19cm | |
| 丛书名: | 数学基础知识丛书 | |
| 单 册: | ||
| 中图分类: | O122.4 | |
| 科图分类: | ||
| 主题词: | 排列--基本知识 , 组合--基本知识 | |
| 电子资源: | ||
| ISBN: | ||
| 000 | 00657nam2 2200253 45 | |
| 001 | 0179002520 | |
| 005 | 20070712110314.95 | |
| 010 | @dCNY0.45 | |
| 091 | @aCN@b13100.020 | |
| 100 | @a19950725d1979 em y0chiy0121 ea | |
| 101 | 0 | @achi |
| 102 | @aCN@b320000 | |
| 105 | @ay z 000yy | |
| 200 | 10 | @a排列与组合@Apai lie yu zu he@f吴世煦著 |
| 210 | @a南京@c江苏人民出版社@d1979 | |
| 215 | @a190页@d19cm | |
| 225 | 2 | @a数学基础知识丛书 |
| 410 | 0 | @120010@a数学基础知识丛书 |
| 606 | @a排列@x基本知识 | |
| 606 | @a组合@x基本知识 | |
| 690 | @aO122.4@v3 | |
| 701 | 0 | @a吴世煦@Awu shi xu@4著 |
| 801 | 0 | @aCN@bTSSF@c20070712 |
| 905 | @a10447@dO122.4@e34 | |
| 排列与组合/吴世煦著.-南京:江苏人民出版社,1979 |
| 190页;19cm.-(数学基础知识丛书) |
| ISBN :CNY0.45 |
| ● |
| 相关链接 |
|
|
|
|
正题名:排列与组合
索取号:O122.4/34
 
预约/预借
| 序号 | 登录号 | 条形码 | 馆藏地/架位号 | 状态 | 备注 |
| 1 | 0765010 | 207650102 | 第二样本阅览室/ [索取号:O122.4/34] | 在馆 | |
| 2 | 0765469 | 207654698 | 密集书库/ [索取号:O122.4/34] | 在馆 | |
| 3 | 0765857 | 207658578 | 密集书库/ [索取号:O122.4/34] | 在馆 | |
| 4 | 0768182 | 207681828 | 密集书库/ [索取号:O122.4/34] | 在馆 |